000 00445nam a2200157 4500
001 145314
003 ES-MaACL
005 20230906201215.0
007 t|
008 070214s1967 sp r ||||1| spa d
100 1 _aSoria Medina, Enrique.
_9107367
245 1 0 _aContinua esperanza /
_cEnrique Soria Medina.
260 _aSevilla :
_b[González Cabañas],
_c1967.
300 _a69 p. :
_bil. ;
_c21 cm.
852 _aES-MaACL
_jC-33992
_bR.64449
999 _c145314
_d145314